| 000 | 00744nam a2200265Ia 4500 | ||
|---|---|---|---|
| 003 | OSt | ||
| 005 | 20220928125411.0 | ||
| 006 | a|||||r|||| 00| 0 | ||
| 007 | ta | ||
| 008 | 220927b |||||||| |||| 00| 0 eng d | ||
| 024 | _a27324 | ||
| 037 | _cTextual | ||
| 040 |
_aSDCL _cSDCL _beng |
||
| 041 |
_2eng _aeng |
||
| 082 | _aB287, P8 | ||
| 100 |
_aPinedo Michael L _9466884 |
||
| 245 | 0 |
_aScheduling _b Theory algorithms, and systems. |
|
| 250 | _a3 | ||
| 260 |
_aNew York _b Springer _c2008 |
||
| 300 |
_axvii,671p CD- Rom _ccm. |
||
| 650 |
_a Pinedo Michael L _9469452 |
||
| 650 |
_aMathematical Deterministic-Scheduling _9469453 |
||
| 942 |
_hB287, P8 _cTEXL _2CC |
||
| 999 |
_c782114 _d782114 |
||